Language Quiz

Random Language or Sporcle Quiz
Score 0/15 Timer 03:00
4 Plays Today
% Correct
Top-Notch
96.2%
Itch
96.2%
Clutch
95.7%
Dispatch
95.6%
Glitch
95.3%
Snitch
95.1%
Splotch
95%
Sasquatch
94.2%
% Correct
Scotch
94.2%
Twitch
93.7%
Batch
93.6%
By-Catch
92.9%
Fletch
84.6%
Kvetch
77.6%
Eldritch
77.2%
Remove Ads.
Support Sporcle.
Get the best of Sporcle when you Go Orange. This ad-free experience offers more features, more stats, and more fun while also helping to support Sporcle. Thank you for becoming a member.

You're not logged in!

Compare scores with friends on all Sporcle quizzes.
OR
Log In

Show Comments

Extras

Top Quizzes Today


Score Distribution

Your Account Isn't Verified!

In order to create a playlist on Sporcle, you need to verify the email address you used during registration. Go to your Sporcle Settings to finish the process.

Report this User

Report this user for behavior that violates our Community Guidelines.

Details: